Makroekonomická výkonnosť Slovenskej ekonomiky v rokoch 1995-2017
Analýza makroekonomickej výkonnosti slovenskej ekonomiky na báze vývoja hrobého domáceho produktu a tých ukazovateľov, ktoré tvoria štruktúru agregátneho dopytu.
Salvato in:
| Autore principale: | |
|---|---|
| Altri autori: | |
| Natura: | Capitolo di libro |
| Lingua: | slovacco |
| Soggetti: | |
| Tags: |
Nessun Tag, puoi essere il primo ad aggiungerne!!
|
MARC
| LEADER | 00000naa a2200000 4500 | ||
|---|---|---|---|
| 001 | 0246508 | ||
| 005 | 20190125103455.8 | ||
| 041 | 0 | |a slo | |
| 044 | |a SK | ||
| 245 | 1 | 0 | |a Makroekonomická výkonnosť Slovenskej ekonomiky v rokoch 1995-2017 |c Ján Haluška, Jaroslav Dolinič |
| 520 | |a Analýza makroekonomickej výkonnosti slovenskej ekonomiky na báze vývoja hrobého domáceho produktu a tých ukazovateľov, ktoré tvoria štruktúru agregátneho dopytu. | ||
| 610 | 2 | 0 | |a výkonnosť ekonomiky |
| 610 | 2 | 0 | |a Slovensko |
| 610 | 2 | 0 | |a produkt domáci hrubý |
| 610 | 2 | 0 | |a parita sily kúpnej |
| 610 | 2 | 0 | |a vývoz |
| 610 | 2 | 0 | |a dopyt domáci |
| 100 | 1 | |a Haluška, Ján | |
| 700 | 1 | |a Dolinič, Jaroslav | |